Lagunas costeras de Barú, foraminíferos bentónicos y sedimentos (Registro nro. 15769)
[ vista simple ]
| 000 -CABECERA | |
|---|---|
| Campo de control | 005570000a22001570004500 |
| 090 ## - CLASIFICACIÓN LOCAL | |
| Colección | As |
| Consecutivo | Seriadas |
| 041 0# - IDIOMA | |
| Código de idioma para texto/pista de sonido o título separado | |
| 100 1# - ASIENTO PRINCIPAL--NOMBRE PERSONAL | |
| Nombre personal | Parada Ruffinatti, Carmen |
| 245 10 - MENCION DE TITULO | |
| Título | Lagunas costeras de Barú, foraminíferos bentónicos y sedimentos |
| Version | segunda parte |
| 700 1# - ASIENTO SECUNDARIO - NOMBRE PERSONAL | |
| Nombre personal | Camacho Rodríguez , Camilo |
| 700 1# - ASIENTO SECUNDARIO - NOMBRE PERSONAL | |
| Nombre personal | Caro Caro, Clara Inés |
| 700 1# - ASIENTO SECUNDARIO - NOMBRE PERSONAL | |
| Nombre personal | González Contreras, Luz Stella |
| 700 1# - ASIENTO SECUNDARIO - NOMBRE PERSONAL | |
| Nombre personal | Miranda Peña, Martha Constanza |
| 773 1# - Item fuente: | |
| Título | Biblioteca José Jerónimo Triana |
| Descripción física | 14 |
| Paginas del Articulo | 115-207 |
| Lugar, editorial y fecha de publicación | 1996 |
| 942 ## - ELEMENTOS ADICIONALES (KOHA) | |
| Tipo de ítem | Artículo |
No hay ítems disponibles.